Zawód, który daje możliwość poznania wielu osób - Statystyki

Ogólne statystyki
  • Ten quiz został rozwiązany 8 razy
  • Średni wynik to 4 z 10
Statystyki odpowiedzi
Hint Odpowiedź % Poprawnych
7. Lekarz
67%
9. Listonosz
67%
6. Nauczyciel
67%
8. Policjant
67%
1. Sprzedawca
67%
2. Aktor
17%
10. Dziennikarz
17%
5. Fotograf
17%
4. Piosenkarz
17%
3. Taksówkarz
0%
Nie znaleziono quizów pasujących do podanych kryteriów
Rozkład punktacji
Procent ludzi z każdym wynikiem
Percentyl według liczby udzielonych odpowiedzi
Twoja historia wyników
Nie rozwiązałeś tego quizu